Govt. of
Madhya Pradesh

Health Psychology (Record no. 65451)

MARC details
000 -LEADER
fixed length control field 00243nam a22001097a 4500
082 ## - DEWEY DECIMAL CLASSIFICATION NUMBER
Classification number 150/CHO
100 ## - MAIN ENTRY--AUTHOR NAME
Personal name Choudhary,S.K
245 ## - TITLE STATEMENT
Title Health Psychology
260 ## - PUBLICATION, DISTRIBUTION, ETC. (IMPRINT)
Place of publication Delhi
Name of publisher Rupa Publication
Year of publication 2018
650 ## - SUBJECT ADDED ENTRY--TOPICAL TERM
Topical Term Psychology
942 ## - ADDED ENTRY ELEMENTS (KOHA)
Koha item type Books
Holdings
Withdrawn status Lost status Damaged status Not for loan Home library Current library Date acquired Cost, normal purchase price Full call number Price effective from Koha item type
        MACL MACL 15/10/2022 785.00 150/CHO 15/10/2022 Books